| 000 | 00407nam a22001577a 4500 | ||
|---|---|---|---|
| 003 | NUST - PNEC | ||
| 005 | 20170116181008.0 | ||
| 008 | 150912b xxu||||| |||| 00| 0 eng d | ||
| 040 | _cLIBRARY | ||
| 082 | _a621.4022 ZEM | ||
| 100 |
_99912 _a Zemansky, Mark W. |
||
| 245 |
_aHeat and thermodynamics _cMark W. Zemansky |
||
| 260 | _cc.1981 | ||
| 650 |
_99910 _aMechanical engineering _xME |
||
| 942 |
_2ddc _cBK |
||
| 999 |
_c66948 _d66948 |
||